| 000 | 00745 a2200241 4500 | ||
|---|---|---|---|
| 003 | CBULib | ||
| 005 | 20240111085002.0 | ||
| 008 | 231113b |||||||| |||| 00| 0 eng d | ||
| 020 | _a9780198724964 | ||
| 040 |
_bEnglish _cCBULib _erda |
||
| 041 | _aeng | ||
| 050 | _aB 65 Dou | ||
| 100 | _aDouglass, Robin | ||
| 245 |
_aRousseau hobbes : nature, free will, and the passions _c/ by Robin Douglass |
||
| 260 |
_bOxford University Press, _c2015 _aOxford : |
||
| 300 | _aviii, 220 pages : illustrations | ||
| 336 |
_2rdacontent _aText | _btxt |
||
| 337 |
_2rdamedia _aUnmediated | _bn |
||
| 338 |
_2rdacarrier _aVolume _bnc |
||
| 650 | 0 |
_aPOLITICAL SCIENCE -- PHILOSOPHY _91022 |
|
| 650 | 0 |
_91023 _aHOBBES, THOMAS, 1588-1679 |
|
| 942 |
_2lcc _c002 |
||
| 999 |
_c83015 _d83015 |
||